000 00667nam a2200217Ia 4500
003 OSt
005 20250827160940.0
008 220926b |||||||| |||| 00| 0 eng d
037 _cReference
040 _aRTL
_cRTL
_beng
041 _2eng
_aeng
084 _aC L1/SC
_qRTL
100 _aSvechnikov, G. A.
_9371122
245 0 _aCausality and the relation of states in physics
260 _aMoscow
_bProgress Publishers
_c1971
300 _a244 p.
_bIncludes bibliographical reference and index
650 _aCausation physics philosophy
_9819089
650 _aPhysics
942 _hC L1/SC
_cREF
_2CC
_n0
999 _c691359
_d691359